00422nam a22001577a 450000500170000001000150001702000260003203500140005803700130007208200110008510000210009624500660011726000350018330000270021850000190024520180102160302.0 aENG-121973 a9789385085376c650.00 aEN-105505 bDBAD/PUB a954.01 aTripathi, Arvind aAshoka in history and historical memory /cby Arvind Tripathi aGhaziabad, UPbA J Booksc2017 aviii,152p.c23cm.(pbk) aIncludes index